Technické vzdelanie ako súčasť všeobecného vzdelania konferenčné materiály : Slovenská republika Veľká Lomnica 7.-8. septembra 2004

Bibliographic Details
Corporate Author: Technické vzdelanie ako súčasť všeobecného vzdelania Veľká Lomnica, Slovensko
Format: Conference Proceeding Book
Language:Slovak
English
Czech
Polish
Russian
PhysicalDescription:461 s. grafy, ilustr., sch., tab. 21 cm
Published: V Banskej Bystrici Unvierzita Mateja Bela 2004
ISBN:8080830401
Edition:1. vyd.
Subjects:

MARC

LEADER 00000cam a2200000 a 4500
001 vtls001522218
003 SK-MaSNL
005 20260302073925.0
008 171201s2004 xo dal f 100 0 slo
015 |a SNBA2005/06-02058 
020 |a 8080830401  |q (brož.) 
035 |a 56A758D3-3A6F-4CDE-BC63-20B35762C7CC 
035 |a urn:nbn:sk:snk-amlaxt 
035 |a urn:nbn:sk:snk-am0092w6 
040 |a SNK  |b slo  |c SNK  |e AACR2 
041 0 |a slo  |a eng  |a cze  |a pol  |a rus  |b eng  |b cze  |b pol  |b slo 
044 |a xo 
072 7 |a 377  |x Odborné vzdelávanie  |2 konspekt 
080 |a 377:62  |2 1997 
080 |a (063)  |2 1997 
080 |a 62  |2 1997 
111 2 |a Technické vzdelanie ako súčasť všeobecného vzdelania  |n (20. :  |d 2004 :  |c Veľká Lomnica, Slovensko)  |9 99612 
245 1 0 |a Technické vzdelanie ako súčasť všeobecného vzdelania  |b konferenčné materiály : Slovenská republika Veľká Lomnica 7.-8. septembra 2004  |c technický redaktor: Rozmarín Dubovská 
250 |a 1. vyd. 
260 |a V Banskej Bystrici  |b Unvierzita Mateja Bela  |c 2004 
300 |a 461 s.  |b grafy, ilustr., sch., tab.  |c 21 cm 
500 |a Čiast. text angl., čes., poľ., rus. 
504 |a Bibliogr. odkazy 
506 |a 100 výtl. 
546 |a Res. angl., čes., pol., slov. 
650 0 7 |a technika  |2 SNKPH  |9 671 
650 0 7 |a technická výchova  |2 SNKPH  |9 3563 
655 7 |a zborníky konferencií  |2 SNKPH  |9 70153 
700 1 |a Dubovská, Rozmarín,  |d 1944-  |4 red  |9 7016 
752 |a Slovensko  |d Banská Bystrica 
919 |a 80-8083-040-1 
958 |a OND 
968 |d 37 
999 |c 1162895  |d 1164825 
952 |a SNK  |b SNK  |y PREZ  |7 0  |p 17A0460669  |o snkSC 119477  |i snk2005/5199  |8 0  |0 0  |1 0  |4 0  |d 2005-04-04  |f 1  |l 0  |r 2025-05-28 00:00:00  |w 2026-02-24 
952 |a SNK  |b SNK  |y VYP  |7 0  |p 17A0461886  |o snkSC 119477 D1  |i snk2005/5200  |8 0  |0 0  |1 0  |4 0  |d 2005-04-04  |l 0  |r 2026-02-24 20:39:07  |w 2026-02-24